| 000 | 00897nam a2200217Ia 4500 | ||
|---|---|---|---|
| 003 | GCL | ||
| 008 | 140319s9999 xx 000 0 ara d | ||
| 020 | _a8206610977 | ||
| 040 |
_aGCL / _cGCL |
||
| 082 | 0 | 4 |
_aق _b780.932 _bم م |
| 100 | 1 | _aمحمد عبدالرحيم السيد | |
| 245 | 1 | 0 |
_aالموسيقى فى مصر القديمة / _cمحمد عبدالرحيم السيد |
| 260 |
_aالقاهرة : _bدار الفكر العربى ، _c2006 |
||
| 300 |
_a72 ص ؛ _c24 سم |
||
| 490 |
_aموسوعة الثقافة التاريخية والاثرية والحضارية - التاريخ القديم _v3 |
||
| 650 | 0 | 4 | _aالموسيقى المصرية |
| 650 | 0 | 4 | _aالموسيقى - تاريخ ونقد - مصر القديمة |
| 650 | 0 | 4 | _aالالات الموسيقية - مصر القديمة |
| 650 | 0 | 4 | _aالموسيقيون - مصر القديمة |
| 942 |
_2ddc _cBK |
||
| 999 |
_c9615 _d9615 |
||